000 00503nam a2200169Ia 4500
003 GCL
008 140319s9999 xx 000 0 aRus d
040 _aGCL /
_cGCL
082 0 4 _a892.76
_bN C
100 1 _aNAGUIB MAHFOUZ
245 1 0 _aCUENTOS CIERTOS E INCIERTOS (SPANISH LANGUAGE) /
_cNAGUIB MAHFOUZ
260 _aالقاهرة :
_bTHE AMERICAN UNIVERSITY IN CAIRO PRESS ،
_c1988
300 _a275 P ؛
_c25 cm.
650 0 4 _aARABIC LITERATURE
650 0 4 _aARABIC FICTION
942 _2ddc
_cBK
999 _c18410
_d18410